| 000 | 00420nam a2200157Ia 4500 | ||
|---|---|---|---|
| 008 | 210210b1994 xxu||||| |||| 00| 0 eng d | ||
| 020 | _a81 7296 027 1 | ||
| 082 | _a510.02 PRAP | ||
| 100 | _aPRANESACHAR (C R) & others. | ||
| 245 | _aProblem primer for the olympid. | ||
| 260 |
_aBangalore _bInterline Publishing _c1994 |
||
| 300 | _a91 | ||
| 650 | _aOlympid maths problems | ||
| 690 | _aMathematics | ||
| 906 | _a050912 | ||
| 999 |
_c99622 _d99622 |
||